005020000a22001570004500003001100000008004100011040003900052041000800091082001300099245006600112250001800178260006700196300001000263650005000273700002100323LK-CoMWRAF230817t ||||| |||| 00| 0 eng d aLK-CoMWRAFdLK-CoMWRAFeLK-CoMWRAF aeng a026bFOW aEalaththu Ilakkiyaththin Samakala Aalumaikalum Pathivukalumb aFirst Edition bMoonravathu Manithan PublicationaSri Lanka (Colombo 02)c2001 ap.152 aCollection of Moonravathu Manithan Interviews aFowzer,, M.eed.